000 01589cab a2200265 4500
001 ABS55054
008 090401t1996 xxu||||| |||| 00| 0 eng d
035 _a(Sirsi) u13846
041 _aeng
245 _aBryan v United Kingdom
260 _c1996
350 _a0
490 _aJournal of Planning and Environment Law
_v[1996] JPL 386-396(11)
520 _aEC Human Rights 22 November 1995. In 1989 an enforcement notice was served on B requiring the demolition of two brick buildings which had no planning permission. B appealed to SoS Environment who upheld the local council`s decision, a further appeal was dismissed by the High Court. The appellant had argued that the buildings were for agricultural purposes and were not constructed as residential dwellings. Leave to appeal to CA refused. B then alleged his rights had been violated under article 6 of the European Convention on Human Rights, i.e. right to fair and public hearing. The Commission observed that the decision of the inspector appointed by the SoS was carefully reasoned and the HC adequately dealt with B`s submissions and therefore concluded that there had been no violation of B`s rights.
650 _aCONVENTION FOR THE PROTECTION OF HUMAN RIGHTS AND FUNDAMENTAL FREEDOMS ART 6
650 _aBRYAN V UNITED KINGDOM
650 _aENFORCEMENT NOTICES
650 _aEUROPEAN COURT OF HUMAN RIGHTS
650 _aFARM BUILDINGS
650 _aLEGAL PROCEDURE
650 _aTOWN AND COUNTRY PLANNING ACT 1990 S174
690 _aPLANNING LAW AND PRACTICE-CASE LAW
942 _n0
948 _c04/03/1997
999 _c8937
_d8937